<?xml version="1.0" encoding="UTF-8"?><?xml-stylesheet type="text/xsl" href="static/style.xsl"?><OAI-PMH xmlns="http://www.openarchives.org/OAI/2.0/" xmlns:xsi="http://www.w3.org/2001/XMLSchema-instance" xsi:schemaLocation="http://www.openarchives.org/OAI/2.0/ http://www.openarchives.org/OAI/2.0/OAI-PMH.xsd"><responseDate>2026-06-01T12:53:15Z</responseDate><request verb="GetRecord" identifier="oai:riuma.uma.es:10630/34794" metadataPrefix="marc">https://riuma.uma.es/rest/oai/request</request><GetRecord><record><header><identifier>oai:riuma.uma.es:10630/34794</identifier><datestamp>2026-02-03T11:11:12Z</datestamp><setSpec>com_10630_2254</setSpec><setSpec>col_10630_37953</setSpec></header><metadata><record xmlns="http://www.loc.gov/MARC21/slim" xmlns:dcterms="http://purl.org/dc/terms/" xmlns:doc="http://www.lyncode.com/xoai" xmlns:xsi="http://www.w3.org/2001/XMLSchema-instance" xsi:schemaLocation="http://www.loc.gov/MARC21/slim http://www.loc.gov/standards/marcxml/schema/MARC21slim.xsd">
   <leader>00925njm 22002777a 4500</leader>
   <datafield ind2=" " ind1=" " tag="042">
      <subfield code="a">dc</subfield>
   </datafield>
   <datafield ind2=" " ind1=" " tag="720">
      <subfield code="a">Girón-Gambero, Jesús Ramón</subfield>
      <subfield code="e">author</subfield>
   </datafield>
   <datafield ind2=" " ind1=" " tag="720">
      <subfield code="a">Franco-Mariscal, Antonio Joaquín</subfield>
      <subfield code="e">author</subfield>
   </datafield>
   <datafield ind2=" " ind1=" " tag="260">
      <subfield code="c">2022-12-27</subfield>
   </datafield>
   <datafield ind2=" " ind1=" " tag="520">
      <subfield code="a">La combinación de juegos educativos con el enfoque de enseñanza de la química en  contexto puede convertirse en una herramienta eficaz para el aprendizaje de la química por las ventajas educativas que presenta cada uno de e los. Este trabajo presenta el juego educativo Quimiqueando en tu ciudad para enseñar y aprender química en el contexto de una ciudad, en este&#xd;
 caso adaptado a la ciudad española de Málaga. El juego se implementó como estudio piloto con un grupo reducido de estudiantes de secundaria de dicha localidad. A través de un cuestionario se estudiaron las percepciones del alumnado, mostrando que el juego es capaz de promover el aprendizaje de contenidos químicos relacionados con la vida diaria de los estudiantes, mejorando su interés y motivación. El juego se percibe como útil, atractivo e interesante.</subfield>
   </datafield>
   <datafield ind1="8" ind2=" " tag="024">
      <subfield code="a">Girón-Gambero, JR., &amp; Franco-Mariscal, A.J. Química en tu ciudad: un juego educativo para aprender química en contexto. Revista Electrónica Ludus Scientiae , 6 (Continuación).</subfield>
   </datafield>
   <datafield ind1="8" ind2=" " tag="024">
      <subfield code="a">https://hdl.handle.net/10630/34794</subfield>
   </datafield>
   <datafield ind1="8" ind2=" " tag="024">
      <subfield code="a">10.30691/relus.v6.2868</subfield>
   </datafield>
   <datafield tag="653" ind2=" " ind1=" ">
      <subfield code="a">Ciencia - Estudio y enseñanza</subfield>
   </datafield>
   <datafield tag="653" ind2=" " ind1=" ">
      <subfield code="a">Gamificación</subfield>
   </datafield>
   <datafield ind2="0" ind1="0" tag="245">
      <subfield code="a">Quimiqueando en tu ciudad: un juego educativo para aprender química en contexto.</subfield>
   </datafield>
</record>
</metadata></record></GetRecord></OAI-PMH>